| 000 -LEADER |
| fixed length control field |
00364nam a2200133 4500 |
| 008 - FIXED-LENGTH DATA ELEMENTS--GENERAL INFORMATION |
| fixed length control field |
200312b ||||| |||| 00| 0 eng d |
| 100 ## - MAIN ENTRY--PERSONAL NAME |
| Personal name |
Sawant, P.B. |
| 245 ## - TITLE STATEMENT |
| Title |
Formation of state government |
| 260 ## - PUBLICATION, DISTRIBUTION, ETC. (IMPRINT) |
| Name of publisher, distributor, etc |
Mainstream |
| 300 ## - PHYSICAL DESCRIPTION |
| Extent |
58(6), 25 Jan, 2020: p.19-20. |
| 773 ## - HOST ITEM ENTRY |
| Main entry heading |
Mainstream |
| 906 ## - LOCAL DATA ELEMENT F, LDF (RLIN) |
| Subject DIP |
India - Government and Politics |
| 942 ## - ADDED ENTRY ELEMENTS (KOHA) |
| Source of classification or shelving scheme |
|
| Item type |
Articles |